000 00558nam a2200229Ia 4500
003 OSt
005 20221006151850.0
006 a|||||r|||| 00| 0
007 ta
008 221006b |||||||| |||| 00| 0 eng d
020 _c300.00
024 _a23,742
037 _cTextual
040 _aEASL
_cEASL
_beng
041 _2eng
_aeng
100 _aVARMA A K
_9399744
245 0 _aClassified catalogue code
260 _aNew Delhi
_bCriterian
_c1988
300 _a372p.
_ccm.
942 _cTEXL
_2CC
999 _c1091828
_d1091828